Pixelated Americas Map - Statistics

General Stats
  • This quiz has been taken 46,979 times
  • The average score is 153 of 156
Answers on the Map
Answers color-coded by a green-red scale on the quiz's map according to % correct below.
 
Answer Stats
Country % Correct
Canada
100%
United States
100%
Brazil
99%
Mexico
99%
Argentina
97%
Chile
95%
Colombia
94%
Peru
93%
Uruguay
92%
Paraguay
91%
Venezuela
90%
Bolivia
89%
Suriname
81%
Honduras
77%
No matching quizzes found
Score Distribution
Percent of People with Each Score
Percentile by Number Answered
Your Score History
You have not taken this quiz